Normal view
MARC view
Entry Término temático
001 - NÚMERO DE CONTROL
- campo de control: 86948
003 - IDENTIFICADOR DEL NÚMERO DE CONTROL
- campo de control: DO-SdBNP
005 - FECHA Y HORA DE LA ÚLTIMA TRANSACCIÓN
- campo de control: 20250207094355.0
008 - DATOS DE LONGITUD FIJA
- campo de control de longitud fija: 250207|| aca||babn | a|a d
040 ## - FUENTE DE LA CATALOGACIÓN
- Centro catalogador/agencia de origen: DO-SdBNP
- Lengua de catalogación: spa
- Centro/agencia transcriptor: DO-SdBNP
- Normas de descripción: rda
043 ## - CÓDIGO DE ÁREA GEOGRÁFICA
- Código de área geográfica: dr
150 ## - ENCABEZAMIENTO--TÉRMINO DE MATERIA
- Término de materia o nombre geográfico como elemento de entrada: Transporte aéreo (Teleférico)
